| 000 | 00549nam a2200217Ia 4500 | ||
|---|---|---|---|
| 001 | 13088 | ||
| 003 | GE_BSU | ||
| 008 | 181216s||||||||xx |||||||||||||| ||und|| | ||
| 020 | _a0156551233 | ||
| 040 | _cGE_BSU | ||
| 080 | _a821.111-3 | ||
| 100 | _aSimenon,Georges. | ||
| 245 | _aMaigret and the man on the bench. | ||
| 245 | _cTranslated from the french by Eileen Ellenbogen. | ||
| 260 | _aNew York. | ||
| 260 | _bA harvest [HB] book. | ||
| 260 | _c1953 | ||
| 300 | _a182p;17cm. | ||
| 653 | _aMaigret and the man on the bench. | ||
| 942 | _cBK | ||
| 999 |
_c46255 _d46255 |
||